[Event "Titled Tuesday intern op 12th Mar Early"]
[Site "Chess.com INT"]
[Date "2024.03.12"]
[Round "2"]
[White "Ovetchkin, Roman"]
[Black "Grandelius, Nils"]
[Result "0-1"]
[WhiteElo "2518"]
[BlackElo "2664"]
[PlyCount "88"]
[EventDate "2024.03.12"]
[EventType "swiss (blitz)"]
[EventRounds "11"]
[EventCountry "USA"]
[SourceTitle "CB12_2024"]
[SourceDate "2023.10.01"]
[SourceVersion "1"]
[SourceVersionDate "2023.10.01"]
[SourceQuality "1"]

1. d4 Nf6 2. c4 g6 3. Nc3 Bg7 4. e4 d6 5. h3 e5 6. d5 Nbd7 7. Bd3 h5 8. Nf3 Bh6 9. Bxh6 Rxh6 10. Qd2 Rh8 11. 0-0 h4 12. b4 Nh5 13. Ne2 a5 14. a3 Qf6 15. Qe3 Nf4 16. Nxf4 exf4 17. Qd4 Qxd4 18. Nxd4 Ne5 19. Be2 Bd7 20. c5 Ke7 21. Rfc1 axb4 22. axb4 g5 23. f3 c6 24. Kf2 Rhc8 25. dxc6 bxc6 26. cxd6+ Kxd6 27. Rd1 Rxa1 28. Rxa1 Rb8 29. Nc2 Be6 30. Ra3 Kc7 31. Ke1 Kb6 32. Kd2 Bc4 33. Rc3 Rd8+ 34. Ke1 Be6 35. Rc5 f6 36. Rc3 Rd7 37. Ra3 Bc4 38. Rc3 Bb5 39. Ra3 Bd3 40. Rc3 Bxc2 41. Rxc2 Ra7 42. Kd2 Ra1 43. Bd1 Ra4 44. Kc3 Ra3+ 0-1

[Event "Titled Tuesday intern op 19th Dec Early"]
[Site "Chess.com INT"]
[Date "2023.12.19"]
[Round "9"]
[White "Grandelius, Nils"]
[Black "Durarbayli, Vasif"]
[Result "1-0"]
[WhiteElo "2673"]
[BlackElo "2627"]
[PlyCount "73"]
[EventDate "2023.12.19"]
[EventType "swiss (blitz)"]
[EventRounds "11"]
[EventCountry "USA"]
[SourceTitle "CB52_2023"]
[SourceDate "2023.12.27"]
[SourceVersion "1"]
[SourceVersionDate "2023.12.27"]
[SourceQuality "1"]

1. d4 Nf6 2. Nf3 e6 3. Bg5 h6 4. Bh4 d5 5. Nbd2 Nbd7 6. e3 c5 7. c3 Bd6 8. Bd3 0-0 9. 0-0 b6 10. Qe2 Bb7 11. Rad1 Qc7 12. dxc5 bxc5 13. e4 Nh5 14. Bg3 Nf4 15. Bxf4 Bxf4 16. Rfe1 a5 17. e5 Bxd2 18. Qxd2 a4 19. h4 d4 20. Be4 Rfd8 21. cxd4 cxd4 22. Bxb7 Qxb7 23. Qxd4 Nf8 24. Qxd8 Rxd8 25. Rxd8 Qxb2 26. Ra8 Qxa2 27. Rd1 a3 28. h5 g6 29. Rdd8 gxh5 30. Rxf8+ Kg7 31. Rg8+ Kh7 32. Rgf8 Kg7 33. Rg8+ Kh7 34. Rh8+ Kg6 35. Nh4+ Kg5 36. g3 Qb1+ 37. Kh2 1-0

[Event "Titled Tuesday intern op 19th Dec Early"]
[Site "Chess.com INT"]
[Date "2023.12.19"]
[Round "7"]
[White "Grandelius, Nils"]
[Black "Livaic, Leon"]
[Result "1-0"]
[WhiteElo "2673"]
[BlackElo "2543"]
[PlyCount "101"]
[EventDate "2023.12.19"]
[EventType "swiss (blitz)"]
[EventRounds "11"]
[EventCountry "USA"]
[SourceTitle "CB52_2023"]
[SourceDate "2023.12.27"]
[SourceVersion "1"]
[SourceVersionDate "2023.12.27"]
[SourceQuality "1"]

1. d4 Nf6 2. Nf3 g6 3. g3 Bg7 4. Bg2 0-0 5. 0-0 d6 6. Re1 d5 7. c4 c6 8. b3 a5 9. Nc3 Ne4 10. Bb2 Bf5 11. Nh4 Nxc3 12. Bxc3 Be6 13. Qd3 Nd7 14. cxd5 cxd5 15. Nf3 Bf5 16. Qb5 Qc7 17. Rec1 Qc6 18. Qxc6 bxc6 19. a4 Rfb8 20. Nd2 e5 21. dxe5 Nxe5 22. Ra2 Ra6 23. Bf1 Ra7 24. Bxe5 Bxe5 25. Rxc6 Rd8 26. e3 Bd6 27. Nf3 Be4 28. Nd4 Be5 29. Rd2 Rc7 30. Rxc7 Bxc7 31. Bg2 Rb8 32. Nb5 Be5 33. Bxe4 dxe4 34. Rd5 f6 35. Rc5 Rd8 36. g4 Rd1+ 37. Kg2 Rb1 38. Rc4 Rxb3 39. Rxe4 Rb2 40. h3 h5 41. gxh5 gxh5 42. Kf3 Kf7 43. Rc4 Kg6 44. Na7 Ra2 45. Nc6 Bc7 46. Ne7+ Kg5 47. Rxc7 Rxa4 48. Rc5+ Kh4 49. Ng6+ Kxh3 50. Rxh5+ Rh4 51. Rxh4# 1-0

[Event "Titled Tuesday intern op 19th Dec Early"]
[Site "Chess.com INT"]
[Date "2023.12.19"]
[Round "10"]
[White "Nihal, Sarin"]
[Black "Grandelius, Nils"]
[Result "1-0"]
[WhiteElo "2688"]
[BlackElo "2673"]
[PlyCount "85"]
[EventDate "2023.12.19"]
[EventType "swiss (blitz)"]
[EventRounds "11"]
[EventCountry "USA"]
[SourceTitle "CB52_2023"]
[SourceDate "2023.12.27"]
[SourceVersion "1"]
[SourceVersionDate "2023.12.27"]
[SourceQuality "1"]

1. a3 d5 2. Nf3 Bg4 3. e3 Nf6 4. h3 Bh5 5. c4 c6 6. Qb3 Qc7 7. cxd5 cxd5 8. Nc3 e6 9. d4 Bxf3 10. gxf3 Nc6 11. Bd2 a6 12. f4 Be7 13. 0-0-0 0-0 14. Kb1 b5 15. Rc1 Rfc8 16. Bd3 Qb7 17. f5 Na5 18. Qd1 Nc4 19. fxe6 fxe6 20. Bxc4 dxc4 21. e4 Nxe4 22. Re1 Nxc3+ 23. Bxc3 Re8 24. Rxe6 Bg5 25. Rxe8+ Rxe8 26. Rc2 Qd5 27. Re2 Rxe2 28. Qxe2 h6 29. f3 Kf7 30. Kc2 Bf4 31. Qe4 Qxe4+ 32. fxe4 g5 33. d5 h5 34. Kd1 g4 35. hxg4 hxg4 36. Ke2 Kg6 37. e5 Kf5 38. e6 Bg5 39. Bd2 Bf6 40. Bc3 Bg5 41. Bd2 Bf6 42. Bb4 Kf4 43. d6 1-0

[Event "EU-chT 24th"]
[Site "Budva"]
[Date "2023.11.13"]
[Round "3.9"]
[White "Radjabov, Teimour"]
[Black "Grandelius, Nils"]
[Result "1/2-1/2"]
[WhiteElo "2745"]
[BlackElo "2688"]
[PlyCount "60"]
[EventDate "2023.11.11"]
[EventType "team-swiss"]
[EventRounds "9"]
[EventCountry "MNE"]
[SourceTitle "CB47_2023"]
[SourceDate "2023.11.22"]
[SourceVersion "1"]
[SourceVersionDate "2023.11.22"]
[SourceQuality "1"]
[WhiteTeam "Azerbaijan"]
[BlackTeam "Sweden"]
[WhiteTeamCountry "AZE"]
[BlackTeamCountry "SWE"]

1. d4 d5 2. c4 c6 3. Nf3 Nf6 4. Nc3 e6 5. e3 a6 6. b3 Bb4 7. Bd2 Nbd7 8. Bd3 0-0 9. 0-0 Qe7 10. Qc2 e5 11. dxe5 Nxe5 12. Nxe5 Qxe5 13. Nxd5 Nxd5 14. cxd5 Bxd2 15. Qxd2 Qxd5 16. Rfd1 Qe5 17. Qb4 g6 18. h3 a5 19. Qb6 Qg5 20. Bf1 a4 21. Rac1 axb3 22. axb3 Bxh3 23. Qxb7 Be6 24. Qxc6 Bxb3 25. Rd2 Rad8 26. Rxd8 Rxd8 27. Qc5 Qxc5 28. Rxc5 Be6 29. f3 Rc8 30. Rxc8+ Bxc8 1/2-1/2

[Event "FIDE Grand Swiss"]
[Site "Douglas"]
[Date "2023.11.02"]
[Round "8"]
[White "Mamedov, Rauf"]
[Black "Grandelius, Nils"]
[Result "1-0"]
[WhiteElo "2640"]
[BlackElo "2689"]
[PlyCount "131"]
[EventDate "2023.10.25"]
[EventType "swiss"]
[EventRounds "11"]
[EventCountry "IOM"]
[SourceTitle "Mega2024 Update 01"]
[Source "Chessbase"]
[SourceDate "2023.11.12"]
[SourceVersion "1"]
[SourceVersionDate "2023.11.12"]
[SourceQuality "1"]

1. e4 c5 2. Nf3 d6 3. Nc3 Nf6 4. d4 cxd4 5. Nxd4 a6 6. Bg5 e6 7. f4 Be7 8. e5 dxe5 9. fxe5 Nd5 10. Bxe7 Qxe7 11. Nf5 exf5 12. Nxd5 Qxe5+ 13. Qe2 Qxe2+ 14. Bxe2 Ra7 15. Nb6 Be6 16. 0-0-0 Nd7 17. Nc8 Ra8 18. Nd6+ Ke7 19. Rhe1 Nc5 20. Bf3 Kf6 21. Nxb7 Nxb7 22. Bxb7 Ra7 23. Bf3 Rc8 24. b3 a5 25. Kb2 Rc5 26. c4 g5 27. Kc3 g4 28. Be2 h5 29. Bf1 h4 30. a3 Rc8 31. Rd4 Rc5 32. Rd2 Rc8 33. Rd6 Rc5 34. Rd8 Rc6 35. Bd3 Rc5 36. Rf1 Re5 37. Kd2 Rb7 38. Rb1 Ra7 39. Rd4 Ra8 40. Rf1 Rb8 41. Kc3 Re3 42. Rxg4 Ke5 43. Rxh4 Rxd3+ 44. Kxd3 Rxb3+ 45. Kc2 Rxa3 46. g3 a4 47. Rb1 Rf3 48. Rb5+ Kd6 49. Ra5 a3 50. Rf4 Re3 51. Kd2 Rb3 52. Rd4+ Kc6 53. Rd3 Rb2+ 54. Kc3 Rxh2 55. Ra6+ Kb7 56. Rxa3 Kc6 57. Ra6+ Kb7 58. Ra5 Rf2 59. Kd4 f4 60. Kc5 fxg3 61. Rb3+ Kc7 62. Ra7+ Kc8 63. Kc6 Bd7+ 64. Rxd7 Rf6+ 65. Rd6 g2 66. Rg3 1-0

[Event "FIDE Grand Swiss"]
[Site "Douglas"]
[Date "2023.10.29"]
[Round "5"]
[White "Grandelius, Nils"]
[Black "Yakubboev, Nodirbek"]
[Result "0-1"]
[WhiteElo "2689"]
[BlackElo "2616"]
[PlyCount "94"]
[EventDate "2023.10.25"]
[EventType "swiss"]
[EventRounds "11"]
[EventCountry "IOM"]
[SourceTitle "Mega2024 Update 01"]
[Source "Chessbase"]
[SourceDate "2023.11.12"]
[SourceVersion "1"]
[SourceVersionDate "2023.11.12"]
[SourceQuality "1"]

1. e4 e5 2. Nf3 Nc6 3. Bb5 a6 4. Ba4 Nf6 5. 0-0 b5 6. Bb3 Bc5 7. c3 d6 8. d4 Bb6 9. Be3 0-0 10. Nbd2 h6 11. h3 Re8 12. Bc2 Rb8 13. Rc1 Bb7 14. d5 Bxe3 15. fxe3 Ne7 16. Nh4 Nh7 17. Qh5 Rf8 18. Rf2 Qe8 19. Rcf1 Bc8 20. c4 bxc4 21. Ba4 Bd7 22. Bxd7 Qxd7 23. Rxf7 Nf6 24. Rxf8+ Rxf8 25. Qd1 c3 26. bxc3 Qb5 27. c4 Qb2 28. Qc1 Qxa2 29. Qc3 Nxe4 30. Nxe4 Rxf1+ 31. Kxf1 Qb1+ 32. Kf2 Qxe4 33. Nf3 Qb1 34. Qa5 Qc2+ 35. Nd2 Kh7 36. Ke2 e4 37. Qa3 Nf5 38. g4 Ng3+ 39. Ke1 a5 40. Qb3 Qd3 41. Qxd3 exd3 42. Kf2 Ne2 43. e4 a4 44. Ke3 a3 45. Nb3 a2 46. e5 dxe5 47. c5 Nd4 0-1

[Event "FIDE Grand Swiss"]
[Site "Douglas"]
[Date "2023.10.28"]
[Round "4"]
[White "Tari, Aryan"]
[Black "Grandelius, Nils"]
[Result "1/2-1/2"]
[WhiteElo "2619"]
[BlackElo "2689"]
[PlyCount "66"]
[EventDate "2023.10.25"]
[EventType "swiss"]
[EventRounds "11"]
[EventCountry "IOM"]
[SourceTitle "Mega2024 Update 01"]
[Source "Chessbase"]
[SourceDate "2023.11.12"]
[SourceVersion "1"]
[SourceVersionDate "2023.11.12"]
[SourceQuality "1"]

1. e4 c5 2. Nf3 d6 3. Bb5+ Bd7 4. Bxd7+ Nxd7 5. 0-0 e6 6. d3 Be7 7. a4 Ngf6 8. Re1 0-0 9. c3 Rc8 10. Na3 Nb8 11. Bd2 Nc6 12. h3 Nd7 13. Bf4 Nde5 14. Nxe5 dxe5 15. Bg3 Qc7 16. Nc4 Rfd8 17. Qd2 Rd7 18. Qe3 b6 19. f4 exf4 20. Bxf4 Qd8 21. Rad1 a6 22. Rf1 b5 23. axb5 axb5 24. Ne5 Nxe5 25. Bxe5 f6 26. Bg3 e5 27. Bf2 Bf8 28. Qe2 Qe8 29. Qc2 Qe6 30. Ra1 Rcd8 31. Rfd1 h6 32. Be3 Kh7 33. Rd2 Be7 1/2-1/2

[Event "POL-chT Ekstraliga"]
[Site "Lublin"]
[Date "2023.09.20"]
[Round "3.5"]
[White "Tomczak, Jacek"]
[Black "Grandelius, Nils"]
[Result "1/2-1/2"]
[WhiteElo "2591"]
[BlackElo "2681"]
[PlyCount "123"]
[EventDate "2023.09.18"]
[EventType "team-tourn"]
[EventRounds "9"]
[EventCountry "POL"]
[SourceTitle "EXT 2024"]
[Source "ChessBase"]
[SourceDate "2023.10.10"]
[SourceVersion "1"]
[SourceVersionDate "2023.10.10"]
[SourceQuality "1"]
[WhiteTeam "Gliwice Akademia Szachowa"]
[BlackTeam "Wroclaw Polonia"]
[WhiteTeamCountry "POL"]
[BlackTeamCountry "POL"]

1. e4 e5 2. Nf3 Nc6 3. Bb5 a6 4. Ba4 Bc5 5. 0-0 Nge7 6. Nxe5 Nxe5 7. d4 b5 8. Bb3 Bxd4 9. Qxd4 d6 10. c3 0-0 11. Bg5 h6 12. Bh4 c5 13. Qd1 Bb7 14. Nd2 N5g6 15. Bg3 d5 16. Bc2 Qb6 17. e5 f5 18. exf6 Qxf6 19. Nb3 Rac8 20. Qh5 b4 21. cxb4 cxb4 22. Bd3 Nf5 23. Rae1 d4 24. Nxd4 Nxd4 25. Qxg6 Qxg6 26. Bxg6 a5 27. Bd3 Bd5 28. b3 Rfd8 29. Be5 Nc6 30. Bf5 Ra8 31. Bc7 Rf8 32. Be6+ Bxe6 33. Rxe6 Rf6 34. Rxf6 gxf6 35. Rd1 a4 36. h3 Kg7 37. Rd6 axb3 38. axb3 Ra1+ 39. Kh2 Rc1 40. f4 Rc3 41. f5 h5 42. Bb6 Rc2 43. Kg1 Ne7 44. g4 hxg4 45. hxg4 Rc3 46. Rd7 Kf7 47. Bd4 Rd3 48. Kf2 Ke8 49. Rd6 Ng8 50. Be5 Rxb3 51. Bxf6 Nh6 52. Rd4 Rb1 53. Bg5 b3 54. Rd8+ Kf7 55. Rd7+ Ke8 56. Rd8+ Kf7 57. Bxh6 b2 58. Rf8+ Ke7 59. Rb8 Rh1 60. Rb7+ Ke8 61. f6 Rxh6 62. Kg3 1/2-1/2

[Event "POL-chT Ekstraliga"]
[Site "Lublin"]
[Date "2023.09.18"]
[Round "1.5"]
[White "Grandelius, Nils"]
[Black "Leniart, Arkadiusz"]
[Result "1-0"]
[WhiteElo "2681"]
[BlackElo "2503"]
[PlyCount "169"]
[EventDate "2023.09.18"]
[EventType "team-tourn"]
[EventRounds "9"]
[EventCountry "POL"]
[SourceTitle "EXT 2024"]
[Source "ChessBase"]
[SourceDate "2023.10.10"]
[SourceVersion "1"]
[SourceVersionDate "2023.10.10"]
[SourceQuality "1"]
[WhiteTeam "Wroclaw Polonia"]
[BlackTeam "Krakow Dwie Wieze"]
[WhiteTeamCountry "POL"]
[BlackTeamCountry "POL"]

1. Nf3 d5 2. e3 Nf6 3. c4 e6 4. b3 c5 5. cxd5 exd5 6. Bb5+ Nc6 7. Bb2 Bd6 8. 0-0 0-0 9. d4 cxd4 10. Nxd4 Bc7 11. Nc3 Qd6 12. g3 Bd7 13. Be2 Nxd4 14. Qxd4 Qe6 15. Na4 Qh3 16. Rac1 Bc6 17. Bf3 Rfe8 18. Bg2 Qh6 19. Qd1 Rad8 20. Bd4 Ba5 21. Nc3 Ne4 22. Nxe4 dxe4 23. Qe2 a6 24. Rfd1 Bb5 25. Qb2 Bb4 26. Bc3 Bxc3 27. Qxc3 Rxd1+ 28. Rxd1 Qc6 29. Qb2 Qc5 30. h4 Bd3 31. Rc1 Qd6 32. Qc3 h5 33. Qc7 Qxc7 34. Rxc7 Re5 35. Bf1 Ra5 36. a4 Rd5 37. Rxb7 Rc5 38. Bxd3 exd3 39. Rd7 Rc3 40. b4 Rb3 41. Rd4 f6 42. Kf1 Kf7 43. Ke1 Ke6 44. Kd2 g6 45. f3 f5 46. Rc4 Kd6 47. g4 hxg4 48. fxg4 Kd5 49. Rd4+ Ke5 50. h5 g5 51. h6 Rb2+ 52. Kxd3 Rh2 53. Rc4 fxg4 54. Rc5+ Kf6 55. Ke4 Rb2 56. Rc6+ Kf7 57. Rc7+ Kg8 58. Rb7 g3 59. Kf5 Rf2+ 60. Kg6 Rf8 61. Rg7+ Kh8 62. Rh7+ Kg8 63. Rc7 Rb8 64. a5 g2 65. Rc1 Kh8 66. e4 Rg8+ 67. Kh5 Re8 68. Rg1 Rxe4 69. Rxg2 Rxb4 70. Rxg5 Rb8 71. Rc5 Rg8 72. Rc6 Rg1 73. Rxa6 Kh7 74. Ra7+ Kh8 75. Rc7 Ra1 76. Rc5 Kh7 77. Kg5 Rg1+ 78. Kf6 Kxh6 79. Ke7 Ra1 80. Rc6+ Kg5 81. a6 Kf5 82. Kd6 Ke4 83. Kc7 Kd5 84. Kb7 Ra2 85. Rb6 1-0

[Event "Julius Baer Play In"]
[Site "Chess.com INT"]
[Date "2023.07.24"]
[Round "7.65"]
[White "Grandelius, Nils"]
[Black "Jumabayev, Rinat"]
[Result "0-1"]
[WhiteElo "2684"]
[BlackElo "2589"]
[PlyCount "94"]
[EventDate "2023.07.24"]
[EventType "swiss (rapid)"]
[EventRounds "9"]
[EventCountry "GER"]
[SourceTitle "CBM 215 Extra"]
[Source "ChessBase"]
[SourceDate "2023.09.30"]
[SourceVersion "1"]
[SourceVersionDate "2023.09.30"]
[SourceQuality "1"]

1. Nf3 Nf6 2. g3 d5 3. Bg2 c6 4. 0-0 Bg4 5. c4 e6 6. h3 Bh5 7. d4 Be7 8. Nc3 0-0 9. Ne5 Nbd7 10. f4 Bg6 11. cxd5 cxd5 12. Be3 Bb4 13. Qb3 Bxc3 14. bxc3 Be4 15. Qxb7 Bxg2 16. Kxg2 Nb6 17. f5 Qc8 18. Qxc8 Rfxc8 19. fxe6 fxe6 20. Rac1 Ne4 21. Rc2 Rc7 22. Rfc1 Rac8 23. Bd2 Nxd2 24. Rxd2 Rxc3 25. Rxc3 Rxc3 26. Rd3 Rxd3 27. Nxd3 Kf7 28. Ne5+ Kf6 29. Kf3 Kf5 30. g4+ Kg5 31. Kg3 Nc4 32. h4+ Kf6 33. Kf4 Nxe5 34. dxe5+ Ke7 35. Ke3 Kd7 36. Kd4 Kc6 37. e3 Kb5 38. Kc3 Kc5 39. a4 a5 40. h5 h6 41. Kd3 Kb4 42. Kd4 Kxa4 43. Kc5 Kb3 44. Kd6 a4 45. Kxe6 a3 46. Kf7 a2 47. e6 a1Q 0-1

[Event "Julius Baer Play In"]
[Site "Chess.com INT"]
[Date "2023.07.24"]
[Round "1.26"]
[White "Grandelius, Nils"]
[Black "Sarana, Alexey"]
[Result "0-1"]
[WhiteElo "2684"]
[BlackElo "2685"]
[PlyCount "172"]
[EventDate "2023.07.24"]
[EventType "swiss (rapid)"]
[EventRounds "9"]
[EventCountry "GER"]
[SourceTitle "CBM 215 Extra"]
[Source "ChessBase"]
[SourceDate "2023.09.30"]
[SourceVersion "1"]
[SourceVersionDate "2023.09.30"]
[SourceQuality "1"]

1. Nf3 d5 2. g3 Nf6 3. Bg2 g6 4. c4 c6 5. b3 Bg7 6. Bb2 0-0 7. 0-0 Nbd7 8. cxd5 cxd5 9. d4 b6 10. Nc3 Ba6 11. Ne5 e6 12. Ba3 Re8 13. Nc6 Qc7 14. Nb4 Qxc3 15. Rc1 Bxe2 16. Qxe2 Qxd4 17. Nc6 Qg4 18. Bf3 Qh3 19. Bg2 Qh5 20. Bf3 Qh3 21. Bg2 Qh6 22. Ne7+ Kh8 23. Rc7 Bf8 24. Bc1 Qg7 25. Nc6 Bd6 26. Rxa7 Rxa7 27. Nxa7 Nc5 28. Qb5 Ncd7 29. a4 Qf8 30. Bb2 Ba3 31. Ba1 Kg8 32. Nc6 Bd6 33. b4 Ra8 34. Rc1 Qh6 35. Rd1 Qh5 36. Re1 Qf5 37. a5 bxa5 38. bxa5 Qc2 39. Qb7 Rf8 40. Bd4 Bc5 41. Bxc5 Nxc5 42. Qb6 Qc3 43. Rf1 Nfd7 44. Qb5 Ra8 45. Rb1 Kg7 46. Bf1 d4 47. Rd1 e5 48. Bg2 d3 49. Qb4 Qxb4 50. Nxb4 Rxa5 51. Nxd3 Nxd3 52. Rxd3 Ra1+ 53. Bf1 Nf6 54. Re3 Ra5 55. Bc4 Rc5 56. Bb3 Ng4 57. Re2 f5 58. Rc2 Rb5 59. Bc4 Rb4 60. Be2 Nf6 61. Rc7+ Kh6 62. Rc6 Nd5 63. Rc5 Rd4 64. Bc4 Nf6 65. Be2 e4 66. Kf1 Ra4 67. Re5 Ra1+ 68. Kg2 Ra2 69. Kf1 Rb2 70. h3 Kg7 71. Re7+ Kf8 72. Ra7 Rc2 73. Rb7 h5 74. h4 Nd5 75. Ra7 Nb4 76. Rb7 Nd5 77. Ra7 Nf6 78. Ra6 Kg7 79. Ra7+ Kh6 80. Ra6 Nd5 81. Bb5 e3 82. fxe3 Nxe3+ 83. Ke1 Rg2 84. Be2 Rxg3 85. Kf2 f4 86. Bd3 Ng4+ 0-1